Thiết kế bộ điều khiển cần cẩu trong công nghiệp : Luận văn thạc sĩ. Chuyên ngành Kỹ thuật điều khiển và tự động hóa
Thiết kế bộ điều khiển cần cẩu của hệ cổng trục trong công nghiệp
Salvato in:
| Autore principale: | |
|---|---|
| Natura: | Libro |
| Lingua: | Undetermined |
| Pubblicazione: |
Cần Thơ
Trường Đại học Cần Thơ
2016
|
| Soggetti: | |
| Tags: |
Aggiungi Tag
Nessun Tag, puoi essere il primo ad aggiungerne! !
|
| Thư viện lưu trữ: | Trung tâm Học liệu Trường Đại học Cần Thơ |
|---|
| LEADER | 00941nam a2200217Ia 4500 | ||
|---|---|---|---|
| 001 | CTU_211968 | ||
| 008 | 210402s9999 xx 000 0 und d | ||
| 082 | |a 621.87 | ||
| 082 | |b L200 | ||
| 088 | |a 60520216 | ||
| 100 | |a Lê, Văn Lẻ | ||
| 245 | 0 | |a Thiết kế bộ điều khiển cần cẩu trong công nghiệp : | |
| 245 | 0 | |b Luận văn thạc sĩ. Chuyên ngành Kỹ thuật điều khiển và tự động hóa | |
| 245 | 0 | |c Lê Văn Lẻ ; Ngô Quang Hiếu (Cán bộ hướng dẫn) | |
| 260 | |a Cần Thơ | ||
| 260 | |b Trường Đại học Cần Thơ | ||
| 260 | |c 2016 | ||
| 520 | |a Thiết kế bộ điều khiển cần cẩu của hệ cổng trục trong công nghiệp | ||
| 650 | |a Elevators,Máy nâng,Cranes, derricks, etc.,Cần trục | ||
| 904 | |i Nguyên | ||
| 980 | |a Trung tâm Học liệu Trường Đại học Cần Thơ | ||